Prosecuting domestic violence : (Record no. 9040)

MARC details
000 -LEADER
fixed length control field 00818nam a22002292 4500
001 - CONTROL NUMBER
control field 0000019675
005 - DATE AND TIME OF LATEST TRANSACTION
control field 20151217152159.0
008 - FIXED-LENGTH DATA ELEMENTS--GENERAL INFORMATION
fixed length control field 110118s xx 000 0 eng d
020 ## - INTERNATIONAL STANDARD BOOK NUMBER
International Standard Book Number 0199562169 :
040 ## - CATALOGING SOURCE
Original cataloging agency KABU
Transcribing agency KABU
100 1# - MAIN ENTRY--PERSONAL NAME
Personal name Dempsey, Michelle Madden.
-- 0000179523
245 10 - TITLE STATEMENT
Title Prosecuting domestic violence :
Remainder of title a philosophical analysis /
Statement of responsibility, etc. Michelle Madden Dempsey.
250 ## - EDITION STATEMENT
Edition statement 1st ed.
260 ## - PUBLICATION, DISTRIBUTION, ETC. (IMPRINT)
Place of publication, distribution, etc. New York :
Name of publisher, distributor, etc. Oxford university press,
Date of publication, distribution, etc. 2009.
300 ## - PHYSICAL DESCRIPTION
Extent xiv, 241p.
650 #0 - SUBJECT ADDED ENTRY--TOPICAL TERM
Topical term or geographic name as entry element Family violence
General subdivision law and legislation
Geographic subdivision united States.
-- 0000179524
650 #0 - SUBJECT ADDED ENTRY--TOPICAL TERM
Topical term or geographic name as entry element Prosecution
General subdivision decision making
Geographic subdivision United States.
-- 0000179525
650 #0 - SUBJECT ADDED ENTRY--TOPICAL TERM
Topical term or geographic name as entry element Prosecution
General subdivision Social aspects
Geographic subdivision United States.
-- 0000179526
852 1# - LOCATION
-- p6340 KES
908 ## - PUT COMMAND PARAMETER (RLIN)
Put command parameter 110118
950 ## - LOCAL HOLDINGS (RLIN)
-- 1
Holdings
Withdrawn status Lost status Source of classification or shelving scheme Not for loan Home library Current library Date acquired Total Checkouts Full call number Barcode Date last seen Date last checked out Price effective from Koha item type
    Library of Congress Classification   Kabarak, Main Campus Kabarak, Main Campus 17/12/2015 2 KF9322 .D46 2009 c.1 22769 07/10/2024 23/09/2024 17/12/2015 General Collection
Designed with assistance from East African Informatics Ltd